The Tower and the Bridge /
Saved in:
| Main Author: | |
|---|---|
| Format: | Book |
| Language: | English |
| Published: |
Princeton, New Jersey :
Princeton University Press,
2022
Oxford, Oxon : |
| Edition: | 1. vydanie |
| Series: | Princeton Science Library
|
| Subjects: | |
| Tags: |
No Tags, Be the first to tag this record!
|
MARC
| LEADER | 00000nam a22000003a 4500 | ||
|---|---|---|---|
| 001 | 0101513 | ||
| 003 | SK-STU | ||
| 005 | 20230424165130.1 | ||
| 007 | ta | ||
| 008 | 230424s ----xo-----e------000-0-----d | ||
| 020 | |a 978-0-691-23692-6 | ||
| 040 | |a STU |b slo | ||
| 041 | 0 | |a eng | |
| 044 | |a xxu |a xxk | ||
| 100 | 1 | |a Billington, David P. |4 aut | |
| 245 | 1 | 0 | |a The Tower and the Bridge / |c aut. David P. Billington |
| 250 | |a 1. vydanie | ||
| 260 | |a Princeton, New Jersey : |b Princeton University Press, | ||
| 260 | |a Oxford, Oxon : |b Princeton University Press, |c 2022 | ||
| 300 | |a 306 s. | ||
| 490 | 0 | |a Princeton Science Library | |
| 650 | 0 | 7 | |a stavebné umenie |
| 650 | 0 | 7 | |a výtvarné umenie |
| 650 | 0 | 7 | |a architektúra |
| 650 | 0 | 7 | |a stavebné materiály |
| 650 | 0 | 7 | |a dejiny |
| 650 | 0 | 7 | |a výškové budovy |
| 650 | 0 | 7 | |a mosty |
| 996 | |b 284AU09622 |c A* 12984/U |l AAKNST |s P |a 0 |w 0101513_0001 | ||
| 996 | |b 284AU09635 |c A* 12997/U |l AAKNAR |s A |a 24 |w 0101513_0002 | ||